000 00478nam a2200181Ia 4500
001 16196
005 20260306170252.0
008 260306t2016||||xx |||||||||||||| ||und||
041 _aESP
082 _a347.3
_bS23 T. 2
100 _aSánchez Lorenzo, Sixto
_eAUT
245 0 _aDerecho contractual comparado:
_buna perspectiva europea y transnacional
260 _c2016
300 _a1094 páginas :
_c24 cm.
650 _aGEN
654 _aCDE
942 _cLIB
_dJUS
_fJUS
_2ddc
_n
999 _c16196
_d16196